| 000 | 00646nam a2200205 i 4500 | ||
|---|---|---|---|
| 001 | 134079 | ||
| 003 | ES-MaACL | ||
| 007 | t| | ||
| 008 | 070905s1983 sp ||||1| spa d | ||
| 100 | 1 |
_aWarren, Stuart. _9116129 |
|
| 245 | 1 | 0 |
_aDiseño de síntesis orgánica _b: introducción programada al metódo del sintón / _cS. Warren ; versión de Armesto Vilas. |
| 260 |
_a[Madrid] : _bAlhambra, _c[1983] |
||
| 300 |
_aVIII, 279 p. ; _c20 cm. |
||
| 490 | 1 | _aVextix | |
| 700 | 1 |
_aVilas, Armesto. _9114828 |
|
| 830 | 0 |
_aVextix _9219816 |
|
| 852 |
_aES-MaACL _jL-4875 _bR.104995 |
||
| 852 |
_aES-MaACL _jL-7845 _bR.108002 |
||
| 999 |
_c134079 _d134079 |
||